Statistiques concernant Beyblade - Toupies

Cliquez ici pour prendre le quiz!

Statistiques générales

  • Ce quiz a été pris 393 fois
  • Le résultat moyen est 16 sur 73

Statistiques - réponses

BladeurRéponse% Correct
Gingka - Metal FusionStorm Pegasus
87%
Gingka - Metal MasterGalaxy Pegasus
79%
KyoyaRock Leone
77%
Ryuga - Metal MasterMeteo L-Drago
58%
Ryuga - Metal FusionLightning L-Drago
56%
Kyoya - Metal FuryFang Leone
52%
KentaFlame Sagittario
51%
Gingka - Metal FuryCosmic Pegasus
50%
BenkeiDark Bull
49%
YuFlame Libra
45%
DojiDark Wolf
43%
TsubasaEarth Eagle
41%
Ryuga - Metal FuryL-Drago Destructor
40%
DashanRock Zurafa
37%
MasamuneRay Striker
35%
Kenta - Metal FuryFlash Sagittario
33%
HikaruStorm Aquario
31%
Julian KonzernGravity Destroyer
30%
ChrisPhantom Orion
26%
HyomaRock Aries
26%
Masamune - Metal FuryBlitz Striker
25%
DynamisJade Jupiter
24%
KumasukeRock Orso
24%
NowagumaRock Orso
24%
DamianHades Kerbecs
22%
Chi-YunThermal Lacerta
22%
TobioStorm Capricorne
21%
Faust (Toby)Twisted Tempo
21%
KingVariares DD
21%
PhénixBurn Fireblaze
19%
RagoDiablo Nemesis
19%
LeraRock Scorpio
19%
BusujimaRock Scorpio
19%
ReijiPoison Serpent
18%
JAckEvil Befall
17%
YukiMercury Anubius
17%
ArgoRay Gil
17%
TetsuyaDark Gasher
16%
TithiDeath Quetzalcoatl
16%
TeruEarth Virgo
16%
ZeoFlame Byxis
16%
RyutaroThermal Pisces
16%
ChaoxinPoison Virgo
15%
EnzoRay Gasher
15%
SelenRay Gasher
15%
SoraCyber Pegasus
14%
KlausGrand Capricorne
14%
JohannesBeat Lynx
13%
AgumaScythe Kronos
12%
Dr ZigurratSpiral Capricorne
12%
NileVulcan Horuseus
12%
Dan et ReikiEvil Gemios
11%
Zeo - Metal FurySpiral Fox
11%
Toby - Metal FurySpiral Lyra
11%
WalesBlue Grand Cetus
9%
AlekseiBurn Wolf
9%
IanCyclone Herculeo
9%
SalamFlame Serpent
9%
SophieWhite Grand Cetus
9%
BaoHades Crown
8%
RyutoOmega Dragonis
8%
AnilRock Serpent
8%
VridickStorm Serpent
8%
DemureCounter Scorpio
7%
Mei MeiHyper Aquario
6%
HerschelDuo Uranus
4%
PlutoFirefuse Darkhelm
4%
JigsawForbidden Eonis
4%
GasurNorthern Cross
4%
KeyserBakushin Beelzeb
3%
ZitaneRock Raven
2%
KarteRock Raven
2%
CyncusKreis Cyngus
1%

Distribution des résultats

Percentile par nombre de réponses

% des personnes avec chaque résultat

Votre développement - résultats

Vous n’avez pas pris ce quiz